Pedagogía universitaria en América Latina: antecedentes y perspectivas

Sábháilte in:
Sonraí bibleagrafaíochta
Formáid: LEABHAR
Teanga:Spáinnis
Foilsithe / Cruthaithe: Santiago Centro Interuniversitario de Desarrollo. CINDA 1984
Sraith:Serie Monografías y Estudios de la Educación, 8
Ábhair:
Clibeanna: Cuir clib leis
Níl clibeanna ann, Bí ar an gcéad duine le clib a chur leis an taifead seo!

MARC

LEADER 00000nam a2200000 a 4500
001 UCY5777
003 CL-VaPUC
008 950512e19840000CL |||||||||||||||||spa|d
082 0 4 |a 378.8  |b PED  |2 21 
245 1 0 |a Pedagogía universitaria en América Latina: antecedentes y perspectivas 
300 |a 217 p 
942 |c BK 
945 |d 19950512 00:00:00  |a cmena 
260 |a Santiago  |b Centro Interuniversitario de Desarrollo. CINDA  |c 1984 
650 0 |a Universidades  |9 256317 
650 7 |a NIVELES DE ENSEÑANZA  |2 CL-VaPUC  |9 334999 
650 0 |a Educación superior   |9 223851 
650 0 |a Planificación de la educación   |9 307333 
650 7 |a FORMACION INICIAL DE DOCENTES  |2 CL-VaPUC  |9 335000 
650 0 |a Docencia  |9 335001 
650 0 |a Tecnología educacional  |9 307265 
651 0 |a América Latina   |9 255027 
583 |a last modification  |c 20170606 12:48:16  |k Rodrigo Vera 
490 0 |a Serie Monografías y Estudios de la Educación, 8 
999 |c 233397  |d 233395 
952 |0 0  |1 0  |4 0  |6 378_800000000000000_PED_1984  |7 0  |8 P  |9 238901  |a BIBEDU  |b BIBEDU  |c BIBEDU_PB  |d 2019-11-18  |i 1502751  |o 378.8 PED 1984  |p 1502751  |r 2019-11-18  |w 2019-11-18  |y BK  |k EDU 
952 |0 0  |1 0  |4 0  |6 378_800000000000000_PED_1984  |7 0  |8 P  |9 238902  |a BIBEDU  |b BIBEDU  |c BIBEDU_PB  |d 2019-11-18  |i 3225852  |o 378.8 PED 1984  |p 3225852  |r 2019-11-18  |w 2019-11-18  |y BK  |k EDU 
952 |0 0  |1 0  |4 0  |6 378_800000000000000_PED_1984  |7 0  |8 A  |9 238903  |a BIBHIS  |b BIBHIS  |d 2019-11-18  |i 1209779  |o 378.8 PED 1984  |p 1209779  |r 2025-01-20  |w 2019-11-18  |y BK  |k HIS